00311nam a2200109Ia 4500008004100000020002200041041001200063100004600075245002700121260003200148650002100180231221s9999 xx 000 0 und d a978-0-387-71041-9 aEnglish aAnil K. Jain, Patrick Flynn, Arun A. Ross 0aHandbook of Biometrics c2008bSpringer USaNew York aComputer Science